Quizzes
Events
Quiz Creation
Community
Videos
Private Events
Remove Ads
Sign In
Join for FREE
Feedback
Dark Mode
Quiz Categories
Sports
Geography
Music
Movies
Television
Just For Fun
Miscellaneous
History
Literature
Language
Science
Gaming
Entertainment
Religion
Holiday
For Kids
Quiz Lab
Recent
Popular Today
Quiz Kudos Today
Editor Picks
Curator Picks
Quizzes by...
Day
Popularity
Type
Ratings
Length
Year
Community
Subscriptions
Recent Discussions
Orange Saloon
Badges
Playlists
Quests
Create
Leaderboards
Showdown
Live 5
Trivia Bingo
Activity
Puzzle Library
Sporcle Events
Private Events
Virtual Trivia
Globe League
Become a Host
Pub Owners
SporcleCon
Opinionation
Our Games
Videos
Blog
Mobile Apps
Partnerships
Remove Ads and Go Orange
Feedback
Science
Computer
Plants
Astronomy
Chemistry
Elements
Math
Animal
Physics
Anatomy
Biology
Geology
General Science
Science
Computer
Plants
Astronomy
Chemistry
Elements
Math
Animal
Physics
Anatomy
Biology
Geology
General Science
Random Quiz
Search Sporcle
×
Quiz Lab
Quiz Lab
Science
snake
Type in answers that appear in a list
Type in answers that appear in a list
Classic
Best Score? Go Orange.
Snake Trivia! Stats
Can you answer each trivia question about snakes?
By
sssnakesss
10m
25 Questions
1,072 Plays
1,072 Plays
1,072 Plays
Comments
Comments
Give Quiz Kudos
Give Quiz Kudos
-
- Ratings
hide this ad
Replay
Link that replays current quiz
Next Quiz
Link to next quiz in quiz playlist
You Got
0%
They Got
Avg Score
39%
Avg Friend Score
Upgrade to see
Score Distribution
Jump to the score distribution portion of the page
Score
0/25
Timer
10:00
0
Plays Today
Clue
Answer
% Correct
Heaviest snake in the world
Green Anaconda
85.8%
Venomous snake in N. America that you will most likely hear before you see
Rattlesnake
78.5%
Fastest snake in the world
Black Mamba
67.6%
Venomous snake in N. America easily confused with a king/
milk snake
Coral snake
63.2%
This species of South American constrictor gets 7-
10 feet on average, and is commonly kept as a pet.
Boa constrictor
59.9%
Python species from Africa named for its defensive mechanism of curling up into a ball
Ball Python
57.1%
Longest snake in the world
Reticulated Python
55%
Term meaning 'lacking skin pigment.' Specifically melanin.
Albino
54.8%
Group of snakes that sense heat through two facial pits
Pit vipers
51.9%
Venomous snake in N. America referred to as 'trapjaws' due to their behavior of opening their mouthes in a display of aggression/
defense.
Cottonmouth
50%
Most venomous snake in the world
Inland Taipan
48.4%
This common type of pet snake are known to be eat other snakes -
even rattlesnakes!
King snake
47.9%
Venomous snake in N. America named after a periodic element
Copperhead
45%
Clue
Answer
% Correct
Snake with the longest fangs in the world
Gaboon Viper
42.5%
This type of N. American colubrid like to play dead to confuse predators
Western Hognose snake
35.4%
South American snake species named after the refraction of sunlight through raindrops
Rainbow Boa
30.2%
This type of snake venom acts on the heart and cardiovascular system
Hemotoxic venom
24%
A snake that lays eggs is called...
Oviparous
20.4%
A snake that gives live birth is called...
Viviparous
18.9%
The boa with the longest teeth (and in fact the longest teeth of any non-
venomous species) is the...
Emerald tree boa
17.7%
Male reproductive organs are called...
Hemipenes
17.4%
This is the only venomous snake to live above the Arctic circle
European adder
10.9%
Type of locomotion used by large pythons and boas
Rectilinear motion
6.3%
Type of fangs in vipers, atracaspids
Articulated
5.9%
Term for fixed fang snakes such as cobras, taipans, and coral snakes
Proteroglyphous
4%
Quiz Playlist
Details
Report
Send in Message
Add To Playlist
Classic:
Type in answers that appear in a list
Last Updated: Feb 16, 2017
Quiz Scoreboard
CHALLENGE
Sign Up to Join the Scoreboard
Show All
Scores
Hide
Comments
May contain spoilers
Recently Published
Billboard Blitz: Fleetwood Mac
by CooCooCachoo
Music
15s
Presidents Visiting Landmarks
by Hejman
History
7m
An Introduction to Baseball
by treessimontrees
Sports
5m
More to Explore
Quiz From the Vault
Featured Blog Post
Where Did the Easter Bunny Come From?
hide this ad
You Might Also Like...
Tags
snake
Today's Top Quizzes in Science
Browse Science
hide this ad
Today's Top Quizzes in snake
Browse snake
Top Contributed Quizzes in Science
1
Quick Pick: Radians
2
Quick Pick: 'CI-CJ' Animals
3
Elements In Images
4
Name the Acid, Base or Salt
5
One Thing in Common: Science
6
One Thing in Common: Science III
7
One Thing in Common: Animals
8
Science Jokes
9
One Thing in Common: Science II
10
The First 100 Digits of Pi
Explore More
Trending Topics
Marvel
Disney
Kpop
NBA
Harry Potter
Crossword
Anime
Country
Song
Puzzle
The Office
Soccer
NFL
Pokémon
WWE
hide this ad
More By:
sssnakesss
Quiz
Plays
Rating
Category
Featured
Created
Shark Anatomy
60,380
4.19
Science
Feb 26, 2010
Snake Trivia!
1,072
5.00
Science
Feb 26, 2010
Name that shark!
778
4.33
Science
Feb 26, 2010
Chemicals in everyday items
188
3.00
Science
Feb 28, 2010
Name that car!
162
4.50
Miscellaneous
Feb 26, 2010
Go to Creator's Profile
Score Distribution
Quiz Creator Spotlight
sssnakesss
Follow
Send a Message
Quizzes Created
-
Created Quiz Play Count
-
More By This Creator
Popular Quizzes Today
1
Find the US States - No Outlines Minefield
2
Find the Countries of Europe - No Outlines Minefield
3
The Countries of the World
4
Find the US States
5
US States
6
Popular People in 1961
7
Risky Map Clicking: Biggest States A-Z
8
Movies - When Are They Set?
More Science Quizzes
This or That: Big Cats
Published
Trending Quizzes
Risky Map Clicking: Least Populous States A-Z
1-10 Letter G Words
1-10 Letter F Words
Risky Map Clicking: Next State Alphabetically
Risky Map Clicking: Biggest States A-Z
Recently Updated
Leaping Animals
pecheneg
Reality TV Shows (A-Z)
bhenderson79
Rickey Henderson's Hall of Fame Teammates
pecheneg
Champions League XIs: Arsenal
pecheneg
Quick Pick: Celebrities in WWE's Hall of Fame
aduchscher
A-Z Keypad Blitz II
pecheneg
Multiple Oscar Actors
pecheneg
Mystery Phrase Blitz: Oscar 'Best Actors'
pecheneg
F. Scott Fitzgerald Novels
LTH
Pick 3 Villains
ddd62291
Trending Topics
NBA
Disney
Kpop
Anime
Crossword
Harry Potter
Marvel
The Office
Soccer
Pokémon
Puzzle
Song
Country
WWE
NFL
Your Account Isn't Verified!
In order to create a playlist on Sporcle, you need to verify the email address you used during registration. Go to your
Sporcle Settings
to finish the process.
Report this User
Report this user for behavior that violates our
Community Guidelines
.
Details:
Send Report
Go to the Sporcle.com Mobile Site →
Comments